The Rizal-Pastells correspondence : (Record no. 8185)
[ view plain ]
| 000 -LEADER | |
|---|---|
| fixed length control field | 00948nam a22002177a 4500 |
| 003 - CONTROL NUMBER IDENTIFIER | |
| control field | OSt |
| 005 - DATE AND TIME OF LATEST TRANSACTION | |
| control field | 20260203050743.0 |
| 008 - FIXED-LENGTH DATA ELEMENTS--GENERAL INFORMATION | |
| fixed length control field | 260203b |||||||| |||| 00| 0 eng d |
| 020 ## - INTERNATIONAL STANDARD BOOK NUMBER | |
| International Standard Book Number | 971-550-124 (pbk) |
| 040 ## - CATALOGING SOURCE | |
| Original cataloging agency | DWC-Man Lib. |
| Transcribing agency | OC |
| 082 ## - DEWEY DECIMAL CLASSIFICATION NUMBER | |
| Classification number | Fil. 959.902 B644r 1994 |
| 100 ## - MAIN ENTRY--PERSONAL NAME | |
| Personal name | Bonoan, Raul J. |
| 245 ## - TITLE STATEMENT | |
| Title | The Rizal-Pastells correspondence : |
| Remainder of title | the hitherto unpublished letters of Jose Rizal and portions of Fr. Pablo Pastell's fourth letter and translation of the correspondence, together with a historical background and theological critique/ |
| Statement of responsibility, etc. | Raul J. Bonoan |
| 260 ## - PUBLICATION, DISTRIBUTION, ETC. | |
| Place of publication, distribution, etc. | Philippines : |
| Name of publisher, distributor, etc. | Ateneo de Manila University, |
| Date of publication, distribution, etc. | c1994. |
| 300 ## - PHYSICAL DESCRIPTION | |
| Extent | x, 229 p. ; |
| Dimensions | 23 cm. |
| 500 ## - GENERAL NOTE | |
| General note | Include index and reference. |
| 650 ## - SUBJECT ADDED ENTRY--TOPICAL TERM | |
| Topical term or geographic name entry element | 1. Rizal, Jose y Alonzo--Correspondence. |
| 650 ## - SUBJECT ADDED ENTRY--TOPICAL TERM | |
| Topical term or geographic name entry element | 2. Pastells, Pablo--Corresponmdence. |
| 650 ## - SUBJECT ADDED ENTRY--TOPICAL TERM | |
| Topical term or geographic name entry element | 3. Catholic church--Correspondence--History and criticism. |
| 942 ## - ADDED ENTRY ELEMENTS (KOHA) | |
| Source of classification or shelving scheme | Dewey Decimal Classification |
| Koha item type | Book-Filipiniana |
| Classification part | Fil. |
| Suppress in OPAC | No |
| 952 ## - LOCATION AND ITEM INFORMATION (KOHA) | |
| -- | |
| Withdrawn status | Lost status | Source of classification or shelving scheme | Damaged status | Not for loan | Home library | Current library | Shelving location | Date acquired | Source of acquisition | Cost, normal purchase price | Total Checkouts | Full call number | Barcode | Date last seen | Copy number | Price effective from | Koha item type | Uniform Resource Identifier |
|---|---|---|---|---|---|---|---|---|---|---|---|---|---|---|---|---|---|---|
| Dewey Decimal Classification | College Library | College Library | Filipiniana | 02/04/2003 | School Fund | 413.00 | Fil. 959.902 B644r 1994 | CL37007 | 02/03/2026 | c1 | 02/03/2026 | BK - FIL |